000
00271nam a22001097a 4500
082
_a
621.3192 GHA'P
100
_a
CHAUSI, M. S
_9
80398
245
_a
PRINCIPLES AND DESIGN OF LINEAR ACTIVE CIRCUITS
260
_a
NEWYORK
_b
MCGRAW HILL
_c
1965
300
_a
621P
942
_c
BK
999
_c
585341
_d
585341